000 00531nam a2200169 4500
001 140313
003 ES-MaACL
005 20230906200043.0
007 t|
008 070214s1925 fr r ||||1| fre d
100 1 _aSégur, Nicolás.
_9105193
245 1 0 _aConversations avec Anatole France
_b: ou Les mélancolies de l'intelligence /
_cNicolas Ségur.
260 _aParis :
_b[S. Marethaux],
_c1925.
300 _a201 p. ;
_c19 x 12 cm.
740 0 _aLes mélancolies de l'intelligence.
852 _aES-MaACL
_jF-5328
_bR.4939
999 _c140313
_d140313